LEADER 01487nam a2200325 i 4500 001 000000256973 003 CaOOAMICUS 005 20180122000000.0 008 180122s2017 it u000 u ita u 013 $a235881 020 $a978-88-315-4942-4 040 $aSeMil$bita 100 1 $aVitali, Alberto,$d<1964->.$0(OLS)http://semarc/name/67262 245 10$aOscar A. Romero :$bpastore di agnelli e lupi /$cAlberto Vitali ; prefazione di Luigi Bettazzi ; postfazione di Angelo Casati. 250 $a2. ed. riveduta e aggiornata. 260 $aMilano :$bPaoline,$c2017. 300 $a326 p. ;$c22 cm. 490 0 $aDonne e uomini nella storia ;$v60 500 $aCon dedica autografa dell'Autore a mons. Mario delpini. - Fondo mons. Delpini. 600 14$aRomero, Ķscar .$0(OLS)http://semarc/subject/16720 700 1 $aCasati, Angelo,$d<1931- >.$0(OLS)http://semarc/name/42937 700 1 $aBettazzi, Luigi,$c.$0(OLS)http://semarc/name/18965 830 0$aDonne e uomini nella storia ;$v60.$0(OLS)http://semarc/title/10334 850 $aSeMil 852 $aSeMil$W1$xVenegono$y1$m3G III 307/A$j207319$B207319$CSeMilBibl$Z2$F220827 $81 941 1 $a7 961 $aOmaggio: Delpini mons. Mario 996 $6020$a978-88-315-4942-4$9(OLS)http://semarc/number/281524 996 $6245$aOscar A. Romero :$bpastore di agnelli e lupi$9(OLS)http://semarc/title/301205 996 $6260$aMilano :$bPaoline$9(OLS)http://semarc/publisher/29684 LEADER 01257nam a2200241 i 4500 001 000000107992 003 CaOOAMICUS 005 20170906000000.0 008 170906s1952 it u000 u ita u 013 $a80552 040 $aSeMil$bita 245 10$aMostra delle Opere d'Arte del Gallaratese :$basilo infantile "Ponti" Gallarate. 25. Provincia di Varese /$cSocietā Gallaratese per gli Studi Patri. 260 $aGallarate :$bChinetti A.,$c1952. 300 $a1 v. :$bill. ;$c25 cm. 500 $aCatalogo della mostra tenuta presso l'Asilo infantile "Ponti" di Gallarate dal 31 agosto al 15 settembre 1952. 650 4$aArchitettura sacra - Mostre - Cataloghi.$0(OLS)http://semarc/subject/6883 650 4$aGallarate - Architettura Sacra - Mostre e cataloghi.$0(OLS)http://semarc/subject/46015 710 0 $aSocietā Gallaratese per gli Studi Patri.$0(OLS)http://semarc/name/2163 850 $aSeMil 852 $aSeMil$W1$xVenegono$y1$m5D IX 22/19$j64088$B64088$CSeMilBibl$Z2$F219870 $81 961 $aOmaggio: Altro 996 $6245$aMostra delle Opere d'Arte del Gallaratese :$basilo infantile "Ponti" Gallarate. 25. Provincia di Varese$9(OLS)http://semarc/title/407349 996 $6260$aGallarate :$bChinetti A.$9(OLS)http://semarc/publisher/57043